[Event "Titled Tuesday intern op 21st April"]
[Site "Chess.com INT"]
[Date "2020.04.21"]
[Round "6"]
[White "Shi, Jason"]
[Black "Vitenberg, Noam Aviv"]
[Result "0-1"]
[WhiteElo "2124"]
[BlackElo "2305"]
[PlyCount "120"]
[EventDate "2020.04.21"]
[EventType "swiss (blitz)"]
[EventRounds "10"]
[EventCountry "USA"]
[SourceTitle "EXT 2021"]
[Source "ChessBase"]
[SourceDate "2020.10.23"]
[SourceVersion "1"]
[SourceVersionDate "2020.10.23"]
[SourceQuality "1"]

1. d4 d5 2. c4 e6 3. Nc3 Bb4 4. Nf3 Nf6 5. Qa4+ Nc6 6. Bg5 h6 7. Bh4 g5 8. Bg3 Ne4 9. Rc1 h5 10. Ne5 Bd7 11. cxd5 Bxc3+ 12. bxc3 Nxe5 13. Qc2 Nxg3 14. hxg3 Ng6 15. Qe4 c6 16. dxe6 Bxe6 17. f4 Qd5 18. Qd3 Bf5 19. Qe3+ Qe4 20. Qxe4+ Bxe4 21. fxg5 0-0-0 22. e3 Rde8 23. Be2 h4 24. gxh4 Nxh4 25. Bg4+ Kb8 26. Kd2 Nxg2 27. Rh6 Rxh6 28. gxh6 Rh8 29. Rf1 Bd5 30. Rf6 Nh4 31. e4 Bxe4 32. Rxf7 Rxh6 33. Rf8+ Kc7 34. Rf7+ Kb6 35. Bc8 c5 36. dxc5+ Kxc5 37. Bxb7 Bxb7 38. Rxb7 a6 39. Rb4 Nf3+ 40. Ke3 Ne5 41. Rd4 Nc4+ 42. Kd3 Rd6 43. Rxd6 Nxd6 44. Kd2 Kc4 45. Kc2 Ne4 46. Kb2 Nxc3 47. Ka3 a5 48. Kb2 Kb4 49. a3+ Kc4 50. Kc2 Nb5 51. Kb2 a4 52. Ka2 Kc3 53. Ka1 Nxa3 54. Ka2 Nb5 55. Ka1 Kb3 56. Kb1 Na3+ 57. Ka1 Nc2+ 58. Kb1 a3 59. Kc1 a2 60. Kd2 a1Q 0-1

[Event "Titled Tuesday intern op 14th April"]
[Site "Chess.com INT"]
[Date "2020.04.14"]
[Round "6"]
[White "Shi, Jason"]
[Black "Stead, Kerry"]
[Result "1-0"]
[WhiteElo "2124"]
[BlackElo "1978"]
[PlyCount "127"]
[EventDate "2020.04.14"]
[EventType "swiss (blitz)"]
[EventRounds "10"]
[EventCountry "USA"]
[SourceTitle "EXT 2021"]
[Source "ChessBase"]
[SourceDate "2020.10.23"]
[SourceVersion "1"]
[SourceVersionDate "2020.10.23"]
[SourceQuality "1"]

1. d4 c5 2. d5 e5 3. c4 d6 4. Nc3 f5 5. e4 Nf6 6. Bd3 f4 7. g3 fxg3 8. hxg3 Be7 9. Bg5 Nbd7 10. Nf3 Nf8 11. Qe2 Ng6 12. 0-0-0 a6 13. Nh4 Nxh4 14. Rxh4 h6 15. Bxf6 Bxf6 16. Qh5+ Ke7 17. Rhh1 Qe8 18. Qe2 Rb8 19. f4 Qg6 20. f5 Qe8 21. g4 Bd7 22. Rdg1 Bg5+ 23. Kb1 b5 24. Rh5 b4 25. Nd1 Qd8 26. Nf2 Be8 27. Rhh1 a5 28. Nh3 Kd7 29. Nxg5 Qxg5 30. Qh2 Kc7 31. Rd1 Bd7 32. Qd2 a4 33. Rh5 Qxg4 34. Be2 Qf4 35. Qxf4 exf4 36. Rf1 Rbe8 37. Rxf4 Rhf8 38. Rg4 Re7 39. Rh1 Rf6 40. Rhg1 g5 41. fxg6 Bxg4 42. Rxg4 Rg7 43. e5 dxe5 44. Bd3 Kd6 45. Rh4 Rfxg6 46. Bxg6 Rxg6 47. Kc2 Ke7 48. Kd3 Kf6 49. Ke4 Kg7 50. Kxe5 Rg2 51. Kd6 Rxb2 52. Kc7 Rxa2 53. d6 Rd2 54. Rh5 b3 55. Rd5 Rxd5 56. cxd5 b2 57. d7 b1Q 58. d8Q a3 59. Qe7+ Kg6 60. Qe8+ Kg5 61. Qe5+ Qf5 62. Qg7+ Kf4 63. Qxh6+ Ke4 64. Qe6+ 1-0

[Event "Titled Tuesday intern op 14th April"]
[Site "Chess.com INT"]
[Date "2020.04.14"]
[Round "9"]
[White "Shi, Jason"]
[Black "Zong, Davis Jr"]
[Result "1-0"]
[WhiteElo "2124"]
[BlackElo "2129"]
[PlyCount "121"]
[EventDate "2020.04.14"]
[EventType "swiss (blitz)"]
[EventRounds "10"]
[EventCountry "USA"]
[SourceTitle "EXT 2021"]
[Source "ChessBase"]
[SourceDate "2020.10.23"]
[SourceVersion "1"]
[SourceVersionDate "2020.10.23"]
[SourceQuality "1"]

1. d4 Nf6 2. c4 e6 3. g3 d5 4. Bg2 Be7 5. Nf3 0-0 6. 0-0 dxc4 7. Nc3 c6 8. Ne5 Nbd7 9. Nxc4 Nb6 10. Ne5 Nbd5 11. e4 Nxc3 12. bxc3 c5 13. d5 exd5 14. exd5 Bf5 15. Bf4 Bd6 16. Re1 Re8 17. Qd2 Qc7 18. Nd3 Bxd3 19. Bxd6 Qxd6 20. Qxd3 a6 21. c4 b6 22. Re3 Rxe3 23. Qxe3 Re8 24. Qc3 a5 25. Re1 Rxe1+ 26. Qxe1 Kf8 27. f4 Nd7 28. Qe4 h6 29. Qh7 Qf6 30. Qc2 Qa1+ 31. Kf2 Qd4+ 32. Kf1 Qa1+ 33. Ke2 Qg1 34. Kf3 Qxh2 35. Qh7 g6 36. Qh8+ Ke7 37. Qc3 Qh5+ 38. g4 Qh4 39. Qe3+ Kd6 40. a4 Qf6 41. Qb3 Ne5+ 42. Kg3 Nd7 43. Bh3 g5 44. fxg5 hxg5 45. Qb5 Qf4+ 46. Kg2 Qd2+ 47. Kg3 Qe3+ 48. Kg2 Qe2+ 49. Kg1 Qe1+ 50. Bf1 Qg3+ 51. Bg2 Qe3+ 52. Kh1 Qe1+ 53. Kh2 Qh4+ 54. Kg1 Qe1+ 55. Kh2 Qh4+ 56. Bh3 Ne5 57. Qxb6+ Kd7 58. Qa7+ Kc8 59. Qa8+ Kc7 60. Qxa5+ Kd7 61. Qa7+ 1-0

[Event "Titled Tuesday intern op 7th April"]
[Site "Chess.com INT"]
[Date "2020.04.07"]
[Round "3"]
[White "Barp, Alberto"]
[Black "Shi, Jason"]
[Result "1-0"]
[WhiteElo "2375"]
[BlackElo "2124"]
[PlyCount "53"]
[EventDate "2020.04.07"]
[EventType "swiss (blitz)"]
[EventRounds "10"]
[EventCountry "USA"]
[SourceTitle "EXT 2021"]
[Source "ChessBase"]
[SourceDate "2020.10.23"]
[SourceVersion "1"]
[SourceVersionDate "2020.10.23"]
[SourceQuality "1"]

1. d4 d5 2. c4 e6 3. Nf3 Nf6 4. g3 c6 5. Qc2 Nbd7 6. Bg2 Bd6 7. 0-0 0-0 8. Rd1 Re8 9. Nc3 dxc4 10. e4 Be7 11. a4 a6 12. Nd2 e5 13. dxe5 Nxe5 14. Nxc4 Qc7 15. Bf4 Nfg4 16. Nxe5 Nxe5 17. Nd5 Qb8 18. Nxe7+ Kf8 19. Nxc8 Qxc8 20. Qc5+ Kg8 21. Bxe5 b6 22. Qd6 Re6 23. Qc7 Qe8 24. Bf4 Rc8 25. Qxb6 c5 26. Qa5 c4 27. Bh3 1-0

[Event "Titled Tuesday intern op 7th April"]
[Site "Chess.com INT"]
[Date "2020.04.07"]
[Round "6"]
[White "Kapitanchuk, Tomas"]
[Black "Shi, Jason"]
[Result "0-1"]
[WhiteElo "2344"]
[BlackElo "2124"]
[PlyCount "60"]
[EventDate "2020.04.07"]
[EventType "swiss (blitz)"]
[EventRounds "10"]
[EventCountry "USA"]
[SourceTitle "EXT 2021"]
[Source "ChessBase"]
[SourceDate "2020.10.23"]
[SourceVersion "1"]
[SourceVersionDate "2020.10.23"]
[SourceQuality "1"]

1. e4 c6 2. d4 d5 3. exd5 cxd5 4. Bd3 Nc6 5. c3 Nf6 6. Bf4 Bg4 7. Qb3 Qd7 8. Nd2 e6 9. Ngf3 Bxf3 10. Nxf3 Bd6 11. Bxd6 Qxd6 12. 0-0 0-0 13. Rfe1 Rab8 14. Ne5 b5 15. Re3 b4 16. Qc2 bxc3 17. bxc3 h6 18. Rae1 Rfc8 19. Qd2 Qa3 20. Rg3 Kf8 21. Bb1 Nxe5 22. dxe5 Rxb1 23. exf6 Qb2 24. fxg7+ Kg8 25. Qe3 d4 26. Qe4 Rxe1+ 27. Qxe1 dxc3 28. h3 c2 29. Qe4 c1Q+ 30. Kh2 Qxf2 0-1

[Event "USA tt"]
[Site "ICC INT"]
[Date "2015.10.06"]
[Round "7"]
[White "Shi, Jason"]
[Black "Leon Magallanes, Isaac David"]
[Result "1-0"]
[WhiteElo "2057"]
[BlackElo "2210"]
[PlyCount "98"]
[EventDate "2015.08.25"]
[EventType "team-swiss"]
[EventRounds "10"]
[EventCountry "USA"]
[SourceTitle "EXT 2017"]
[Source "ChessBase"]
[SourceDate "2016.10.25"]
[SourceVersion "1"]
[SourceVersionDate "2016.10.25"]
[SourceQuality "1"]
[WhiteTeam "Connecticut"]
[BlackTeam "Philadelphia"]
[WhiteTeamCountry "USA"]
[BlackTeamCountry "USA"]

1. d4 Nf6 2. c4 e6 3. g3 Be7 4. Bg2 0-0 5. Nf3 b6 6. Ne5 c6 7. 0-0 Bb7 8. Nc3 d6 9. Nf3 c5 10. d5 exd5 11. cxd5 b5 12. Nxb5 Bxd5 13. Bf4 Qb6 14. Nc3 Bb7 15. Qc2 Nc6 16. Rad1 Rfd8 17. e4 Nb4 18. Qb1 c4 19. Ne1 h6 20. Be3 Qa5 21. e5 Nfd5 22. a3 Nd3 23. Bxd5 Bxd5 24. b4 cxb3 25. Nxd5 Qxd5 26. Rxd3 Qxe5 27. Rxb3 a5 28. Nd3 Qd5 29. Nf4 Qc6 30. Rc1 Qe8 31. Nd5 Rac8 32. Rb7 Bf8 33. Rxc8 Rxc8 34. Qf5 Rb8 35. Qd7 Qxd7 36. Rxd7 Rb3 37. Rd8 f6 38. a4 Ra3 39. Nb6 Kf7 40. Ra8 Be7 41. Rxa5 Bd8 42. Ra7+ Ke6 43. a5 g5 44. Ra8 Be7 45. a6 f5 46. a7 Ra6 47. Nc8 f4 48. gxf4 gxf4 49. Bxf4 Ra5 1-0

[Event "San Francisco TNM Fall op"]
[Site "San Francisco"]
[Date "2012.10.30"]
[Round "3"]
[White "Shi, Jason"]
[Black "Delmonico, Nils"]
[Result "0-1"]
[WhiteElo "1658"]
[BlackElo "1899"]
[PlyCount "84"]
[EventDate "2012.10.16"]
[EventType "swiss"]
[EventRounds "9"]
[EventCountry "USA"]
[SourceTitle "EXT 2014"]
[Source "ChessBase"]
[SourceDate "2013.11.20"]
[SourceVersion "1"]
[SourceVersionDate "2013.11.20"]
[SourceQuality "1"]

1. e4 e6 2. d4 d5 3. exd5 exd5 4. Nf3 Bd6 5. h3 Bf5 6. c4 Qe7+ 7. Qe2 Qxe2+ 8. Bxe2 dxc4 9. Bxc4 Nf6 10. 0-0 0-0 11. Nc3 Nc6 12. Nb5 Rad8 13. Nxd6 Rxd6 14. Bf4 Rd7 15. Bb5 Nd5 16. Be3 f6 17. Rac1 Re8 18. Bxc6 bxc6 19. Rxc6 Be4 20. Ra6 Bd3 21. Rxa7 Bxf1 22. Kxf1 Nxe3+ 23. fxe3 Rxe3 24. b4 Rde7 25. b5 Kf8 26. a4 Rb3 27. Rb7 Ra3 28. Ra7 Ra2 29. a5 Ke8 30. a6 Kd8 31. Rb7 Kc8 32. Kg1 Ree2 33. b6 Rxg2+ 34. Kh1 Rgc2 35. Ra7 Rc1+ 36. Ng1 cxb6 37. Rxg7 Rxa6 38. Rxh7 Raa1 39. Rg7 b5 40. h4 b4 41. h5 Rxg1+ 42. Rxg1 Rxg1+ 0-1

[Event "San Francisco TNM Summer op"]
[Site "San Francisco"]
[Date "2012.06.26"]
[Round "6"]
[White "Shi, Jason"]
[Black "Miller, David"]
[Result "1-0"]
[WhiteElo "1537"]
[BlackElo "1809"]
[PlyCount "57"]
[EventDate "2012.05.22"]
[EventType "swiss"]
[EventRounds "8"]
[EventCountry "USA"]
[SourceTitle "EXT 2014"]
[Source "ChessBase"]
[SourceDate "2013.11.20"]
[SourceVersion "1"]
[SourceVersionDate "2013.11.20"]
[SourceQuality "1"]

1. e4 e5 2. Nf3 d6 3. d4 exd4 4. Nxd4 g6 5. Nc3 Bg7 6. Bc4 Ne7 7. Be3 Nbc6 8. Qd2 Nxd4 9. Bxd4 Bxd4 10. Qxd4 Rf8 11. 0-0-0 Be6 12. Nd5 Bxd5 13. Bxd5 Nc6 14. Bxc6+ bxc6 15. f4 f6 16. Qc4 Qd7 17. Rhe1 Ke7 18. e5 fxe5 19. fxe5 d5 20. Qb4+ Ke6 21. Rf1 Qe7 22. Qc3 c5 23. Qh3+ Rf5 24. Rxf5 gxf5 25. Qh6+ Kd7 26. Rxd5+ Kc8 27. Qa6+ Kb8 28. e6 Qh4 29. g3 1-0